Ends in 'Z' (A-Z) Quiz Stats

 Plays Quiz Updated Jul 30, 2012

Score 0/26 Timer 07:00
1 Play Today
Starts with... Answer % Correct
AAlcatraz
92.7%
Ffizz
92.5%
Kklutz
84.9%
PPEZ
82.7%
SSuez
82.5%
Ttopaz
81.8%
Hhertz
79.1%
JJazz
78.4%
Qquartz
69.6%
VValdez
69%
BBaez
68.2%
MMraz
68%
Llutz
62.9%
Starts with... Answer % Correct
WWeisz
50.8%
Dditz
49.3%
YYaz
47.8%
UUtz
38%
CCádiz
33.3%
NNimitz
33%
Eersatz
30.5%
Ooyez
26.9%
GGoetz
26.8%
Rrazzmatazz
12.6%
ZZumiez
9%
IIgnatz
7.7%
XXexyz
1.1%

You're not logged in!

Compare scores with friends on all Sporcle quizzes.
OR
Log In

Sporcle TV

Today on Sporcle TV


Watch our educational content, quiz creation guides, and fun videos on Sporcle TV.

Show Comments

Extras

Top Quizzes Today


Score Distribution

Your Account Isn't Verified!

In order to create a playlist on Sporcle, you need to verify the email address you used during registration. Go to your Sporcle Settings to finish the process.

Report this User

Report this user for behavior that violates our Community Guidelines.

Details: